The geology of Long Island, New York, (Record no. 25348)

MARC details
000 -LEADER
fixed length control field 00884cam a22002411 4500
001 - CONTROL NUMBER
control field gs 14000294
003 - CONTROL NUMBER IDENTIFIER
control field DLC
005 - DATE AND TIME OF LATEST TRANSACTION
control field 20260227111315.0
008 - FIXED-LENGTH DATA ELEMENTS--GENERAL INFORMATION
fixed length control field 790430s1914 xx 000 0 eng c
010 ## - LIBRARY OF CONGRESS CONTROL NUMBER
LC control number gs 14000294
035 ## - SYSTEM CONTROL NUMBER
System control number (OCoLC)4911625
040 ## - CATALOGING SOURCE
Original cataloging agency Library, U.S. Geol. survey
Transcribing agency OCl
Modifying agency DLC
042 ## - AUTHENTICATION CODE
Authentication code premarc
050 00 - LIBRARY OF CONGRESS CALL NUMBER
Classification number QE75
Item number .P9 no. 82
100 1# - MAIN ENTRY--PERSONAL NAME
Personal name Fuller, Myron L.
245 04 - TITLE STATEMENT
Title The geology of Long Island, New York,
Statement of responsibility, etc. by Myron L. Fuller.
260 ## - PUBLICATION, DISTRIBUTION, ETC.
Place of publication, distribution, etc. Washington,
Name of publisher, distributor, etc. Govt. print. off.,
Date of publication, distribution, etc. 1914.
300 ## - PHYSICAL DESCRIPTION
Extent xvi, 231 p.
Other physical details illus., plates, maps (part fold., 2 in pocket) fold. tab., diagrs.
Dimensions 30 cm.
490 0# - SERIES STATEMENT
Series statement United States. Geological survey. Professional paper 82
500 ## - GENERAL NOTE
General note Some plates printed on both sides of leaf.
500 ## - GENERAL NOTE
General note "Development of the geologic literature on long Island": p. 4-20.
650 #0 - SUBJECT ADDED ENTRY--TOPICAL TERM
Topical term or geographic name entry element Geology
Geographic subdivision New York (State)
-- Long Island.

No items available.

Powered by Koha